| 000 | 00578nam a2200205Ia 4500 | ||
|---|---|---|---|
| 003 | OSt | ||
| 005 | 20251106185937.0 | ||
| 008 | 210423s2003 xx 000 0 und d | ||
| 040 | _cAL | ||
| 041 | _aEnglish | ||
| 082 |
_a362.19 _bSINC |
||
| 100 |
_aArvind Singhal _9121068 |
||
| 245 |
_aCombating AIDS _b: communication strategies in action |
||
| 260 |
_bSage Publications _c2003 |
||
| 300 |
_a425p. _bPB _c21.5x14cm. |
||
| 365 |
_b320 _cINR |
||
| 700 |
_aRogers, Everett M _9244474 |
||
| 906 | _aaction. ; AIDS: ; Combating ; communication ; strategies | ||
| 942 |
_2ddc _cBK |
||
| 999 |
_c173829 _d173829 |
||